000 00905cas a22002175a 4500
001 E148152
008 090805n xxkqr w 0 a0eng u
035 _a(Sirsi) u148152
041 0 _aeng
050 _a333.33 $2 18
110 2 _aNewmark Knight Frank
_95781
245 0 0 _aOffice market
_bnational report 2Q09
_h[electronic resource]
260 _aNew York
_bNewmark Knight Frank
_c[200?]-
362 0 _aSecond Quarter 2009-
520 _aDiscusses the office market in the US, giving information on rents, vacancy rates, net absorption and inventory levels for a range of US cities and regions. Tables.
554 _aFour per year
651 4 _aUnited States
_y1959-
690 _aPROPERTY-COMMERCIAL PROPERTY-COMMERCIAL PROPERTY MARKET
856 4 0 _uhttps://www.newmarkkf.com/home/research-center/us-market-reports.aspx?d=1127
_zView the report free of charge at www.newmarkkf.com...
942 _n0
999 _c119238
_d119238